[Event "Leitersdorf op"]
[Site "Leitersdorf"]
[Date "2016.01.03"]
[Round "2"]
[White "Schernthaner, David"]
[Black "Essich, Guenther"]
[Result "0-1"]
[WhiteElo "1733"]
[BlackElo "1666"]
[PlyCount "34"]
[EventDate "2016.01.02"]
[EventType "swiss"]
[EventRounds "5"]
[EventCountry "AUT"]
[SourceTitle "CBM 170 Extra"]
[Source "ChessBase"]
[SourceDate "2016.02.25"]
[SourceVersion "1"]
[SourceVersionDate "2016.02.25"]
[SourceQuality "1"]

1. e4 c5 2. Nf3 e6 3. d4 cxd4 4. Nxd4 Nf6 5. Nc3 Nc6 6. Be3 Bb4 7. f3 Qa5 8. Qd2 d5 9. Nb3 Bxc3 10. bxc3 Qd8 11. exd5 Nxd5 12. Bf2 0-0 13. Be2 Qf6 14. Nd4 Nf4 15. 0-0 Qg5 16. Bg3 Nh3+ 17. gxh3 Qxd2 0-1

[Event "Leitersdorf Region-ch"]
[Site "Leitersdorf"]
[Date "2013.01.06"]
[Round "5"]
[White "Essich, Guenther"]
[Black "Stallinger, Vanessa"]
[Result "1/2-1/2"]
[WhiteElo "1655"]
[BlackElo "1530"]
[PlyCount "89"]
[EventDate "2013.01.02"]
[EventType "swiss"]
[EventRounds "5"]
[EventCountry "AUT"]
[SourceTitle "CBM 152 Extra"]
[Source "ChessBase"]
[SourceDate "2013.02.25"]
[SourceVersion "1"]
[SourceVersionDate "2013.02.25"]
[SourceQuality "1"]

1. d4 d5 2. c4 c6 3. Nc3 Nf6 4. cxd5 cxd5 5. Nf3 Nc6 6. Bf4 e6 7. e3 Bd6 8. Bg5 Be7 9. a3 h6 10. Bh4 Nd7 11. Bg3 0-0 12. Qa4 Nb6 13. Qc2 Bf6 14. Nb5 a6 15. Bc7 Qd7 16. Bxb6 axb5 17. Bxb5 Bd8 18. Ne5 Qe8 19. Bxd8 Qxd8 20. Nxc6 bxc6 21. Bxc6 Ra7 22. 0-0 Ba6 23. Rfc1 Qb6 24. Qc5 Qb8 25. b4 Rc8 26. h3 Rac7 27. Rc3 Rxc6 28. Qxc6 Rxc6 29. Rxc6 Qa8 30. Rc5 Qe8 31. Rac1 Kh7 32. Ra5 Bc4 33. a4 e5 34. dxe5 Qxe5 35. b5 Qb2 36. Rd1 Qc2 37. Rd4 Qc1+ 38. Kh2 Qe1 39. Ra7 Qxf2 40. Rf4 Qxe3 41. Rfxf7 Qe5+ 42. Kg1 Qe1+ 43. Kh2 Qe5+ 44. Kg1 Qe1+ 45. Kh2 1/2-1/2